000 01259 a2200301 4500
003 OSt
005 20260310103542.0
008 260309b |||||||| |||| 00| 0 eng d
020 _a9788194775225 (भाग 1) (hbk)
020 _a9789390872107 (भाग 2 ) (hbk)
020 _a9789390872107
037 _cREF
040 _cCRL
_aCRL
041 _2hin
_ahin
084 _aQ8441:33 152R1.1-.2 (RR)
_qCRL
100 _aसिंह, बख्शीश
_9862702
245 _aश्री गुरु नानक वाणी
260 _aनई दिल्ली, भारत:
_bसस्ता साहित्य मण्डल प्रकाशन,
_c2021.
300 _aभाग 1 (1-539पृ.), भाग 2 (1-443पृ.)
365 _bVol. 1 - 350.00
_cINR
365 _bVol. 2 - 300.00
_cINR
440 _vभाग (1-2)
650 _aधर्म
650 _aगुरु नानक देव
_91131436
942 _cREF
_2CC
_hQ8441:33 152R1.1-.2 (RR)
999 _c1467161
_d1467161